000 01019nam a22003137a 4500
001 BR7405849
003 BR-BrBNA
005 20230928084624.0
007 ta
008 230509b bl.||||| |||| 00| 0 por d
040 _aBR-BrBNA
_bpor
_cBiblioteca Nacional de Agricultura
041 _a(Por)
072 _aL00; Q10; E70
_b5214
_b9410
_b9400
_b/G514
090 _ 5214 BR7405849
110 1 _aCompanhia de Desenvolvimento Industrial e Comercial do Rio Grande do Sul, Porto Alegre (Brasil). Depto. de Estudos e Projetos
_92382
245 1 _aPerfil do leite [Gado leiteiro; Produto derivado do leite; Rio Grande do Sul; Brasil]
260 3 _aPorto Alegre, RS (Brasil):
_c1974.
300 _a105 p.
500 _a27 tables
650 _aTECNOLOGIA DE ALIMENTO
650 _aGADO LEITEIRO
650 _aLEITE
650 _aPRODUTO DERIVADO DO LEITE
650 _aPRODUCAO LEITEIRA
650 _aCONTROLE DE QUALIDADE
650 _aRIO GRANDE DO SUL
909 _a202309
_bLucia
_c55
_dLucia Elande
942 _cBK
999 _c20138
_d20138